1区間で3路線通る区間 - Statistics

General Stats
  • This quiz has been taken 27 times
  • The average score is 8 of 14
Answer Stats
区間 該当列車 経由路線 % Correct
東京
92%
新宿 あずさ、かいじ JR山手線、JR中央本線、JR東北本線
88%
新宿 あずさ、富士回遊(西行) JR山手線、JR中央本線、JR総武本線
88%
池袋
84%
大阪 はるか JR東海道本線(梅田貨物線)、JR大阪環状線、JR関西本線
84%
錦糸町
80%
天王寺
80%
京都
64%
敦賀 サンダーバード JR北陸本線、JR湖西線、JR東海道本線
60%
飯田橋
32%
石神井公園 S-TRAIN(平日上り) 西武池袋線、西武西武有楽町線、東京メトロ有楽町線
28%
石神井公園 S-TRAIN(土休日) 西武池袋線、西武西武有楽町線、東京メトロ副都心線
28%
天下茶屋 泉北ライナー 南海南海本線、南海高野線、南海泉北線
4%
泉ケ丘
4%
No matching quizzes found
Score Distribution
Percent of People with Each Score
Percentile by Number Answered
Your Score History
You have not taken this quiz